Les Armées de Napoléon - Statistiques

Statistiques générales
  • Ce quiz a été pris 151 fois
  • Le résultat moyen est 8 sur 10
Statistiques - réponses
Question Réponse % Correct
Quel nom était donné à l'armée principale sous le commandement de Napoléon durant ses campagnes militaires ? La Grande Armée
100%
Lors de quelle bataille Napoléon a-t-il été définitivement vaincu ? La bataille de Waterloo
98%
Quelle bataille, souvent considérée comme la plus grande victoire de Napoléon, a eu lieu en 1805 contre les forces autrichiennes et russes ? La bataille d'Austerlitz
96%
Quel titre Napoléon a-t-il donné à ses généraux les plus proches et les plus expérimentés ? Maréchal d'Empire
93%
En quelle année la Grande Armée a-t-elle entrepris l'invasion de la Russie ? 1812
82%
Lequel des maréchaux suivants n'a jamais servi sous Napoléon ? Blücher
79%
Quelle réforme militaire Napoléon a-t-il mise en place pour améliorer l'organisation et la flexibilité de ses troupes ? La création des divisions et des corps d'armée
79%
Quel était le nom du corps d'élite de l'armée napoléonienne, composé des soldats les plus expérimentés ? La Vieille Garde
77%
Quel célèbre maréchal de Napoléon était surnommé "le brave des braves" ? Michel Ney
63%
En 1807, Napoléon a vaincu les forces russes et prussiennes à quelle bataille, menant à la signature des traités de Tilsit ? La bataille de Friedland
39%
Aucun quiz correspondant
Distribution des résultats
% des personnes avec chaque résultat
Percentile par nombre de réponses
Votre historique - résultats
Vous n’avez pas pris ce quiz